Регионална библиотека "Любен Каравелов" - Русе

Избрани творби (Запис номер 189892)

MARC детайли
000 -Лидер
Контролно поле с фиксирана дължина 02164nam a2200325 c 4500
003 - Код на организацията, давaща контролен номер
Контролно поле BLK
005 - Дата и час на последна редакция
Контролно поле 20220518122715.0
008 - Елементи от данни с фиксирана дължина
fixed length control field 180411b bul|||||r ||||||| ||bul||
010 ## - Наследен системен номер
LC control number KNG00198942000
040 ## - Източник на каталожния запис
Идентификатор на билиотеката - собственик на записа BLK
041 ## - Код за език
Код за езика на текст/звукозапис или на отделно заглавие Български
Код за езика КДБФ Български
080 ## - УДК
Текстов определител УДК Американска литература (на САЩ)
УДК код - определител по УДК 821.111(73)
УДК определител (081)
УДК - код + определител 821.111(73)(081)
080 ## - УДК
Текстов определител УДК Американска литература (на САЩ)
УДК код - определител по УДК 821.111(73)
УДК определител -31
УДК - код + определител 821.111(73)-31
080 ## - УДК
Текстов определител УДК Американска литература (на САЩ)
УДК код - определител по УДК 821.111(73)
УДК определител -6
УДК - код + определител 821.111(73)-6
100 1# - Редна дума - Автор
Автор Стайнбек, Джон
Авторска отговорност първи автор
R(LIN) 381221
139 ## - Редно поле
Редна дума Стайнбек, Джон
Авторски знак Стаи - С 62
245 10 - Сведения за заглавието
Заглавие Избрани творби
Подзаглавни данни В 3 т.
Редно поле (дума) Джон Стайнбек; ред. кол. Кръстан Дянков; прев. от англ. Кръстан Дянков.
Том Т. 3
Заглавие на том Зимата на нашето недоволство : Роман ; Пътешествия с Чарли : Роман пътепис ; Есета и писма
257 ## - Страна на издаване
Страна на създаване/издаване Съединени американски щати
260 ## - Област на издателските данни
Име на издателя, разпространителя и проч. Нар. култура
Година на издаване 1983 -
Печатница За том: В. Търново : печ. Д. Найденов
Място на издаване, разпространение и проч. София
300 ## - Физическа характеристика
Размери/Мащаб 21 см
380 ## - Жанр
Жанр Худож. лит.
700 1# - Други автори (авторска отговорност)
Лично име Дянков, Кръстан
Автороска отговорност (Описва отношението между автора и произведението) ред. кол.
9 (RLIN) 365804
700 1# - Други автори (авторска отговорност)
Лично име Дянков, Кръстан
Автороска отговорност (Описва отношението между автора и произведението) прев. от англ.
9 (RLIN) 365804
760 1# - Описание на основната серия
Редна дума на основното описание Стайнбек, Джон
Място на издаване, издател и година 1983
Страници - том 583 с., 21 см
Забележка - том Прев. Цветан Стоянов и др. ; Състав. Кръстан Дянков. - Ориг. загл. The winter of our discontent : Travels with Charley ; Writers at work 4th series ; A life in letteres / John Steinbeck. - Други прев. : Александър Хрусанов, Кръстан Дянков. - В кн. означено 1. и 2. изд.
Заглавие Т. 3 Зимата на нашето недоволство : Роман ; Пътешествия с Чарли : Роман пътепис ; Есета и писма
852 ## - Местоположение
Форматна сигнатура Цб 119016
856 4# - Електронен адрес и достъп
Електронен формат pdf - файл
856 4# - Електронен адрес и достъп
Електронен формат pdf - файл
999 ## - СИСТЕМНИ КОНТРОЛНИ НОМЕРА
Koha biblionumber 189892
Koha biblioitemnumber 189892
942 ## - АРТИКУЛИ
Вид на библиотечния материал Книги
Скрит в OPAC Не
Koha issues (borrowed), all copies 1
Периодичен библиозапис Да
944 ## - СЪЗДАВАНЕ И РЕДАКЦИЯ на ЗАПИСА
Създаване/Редакция Създаване
Дата на регистрацията/редакция 05.01.2017
Служител, извършил регистрацията/редакцията Радостина_Карадакова
944 ## - СЪЗДАВАНЕ И РЕДАКЦИЯ на ЗАПИСА
Създаване/Редакция Редакция
Дата на регистрацията/редакция 05.01.2017
Служител, извършил регистрацията/редакцията Радостина_Карадакова
999 ## - СИСТЕМНИ КОНТРОЛНИ НОМЕРА
Koha biblioitemnumber 189892
Наличности
Код за отписване Код за изгубен артикул Източник на класификационната схема Код за повреда Коз за рестрикции Код за отдаване Артикулен № Име на библиотеката - собственик Име на библиотеката, в която се намира в момента Статус (Текущо местоположение) Дата на вписване в системата Местоположение - отдел Цена в лева Инвентарен номер Систематично азбучна сигнатура Баркод Номер на екземпляра Цена в евро Служебна бележка Служебен тип на артикула
  Не е изгубен Universal Decimal Classification Не е повреден само за читалня ползва се в читалня 334173 Регионална библиотека "Любен Каравелов" Русе Регионална библиотека "Любен Каравелов" Русе Хранилище 1983-01-01 Хранилище 5.02 383350 Цб 119016 120000383350 1 2.57 N: стар фонд Дата: 01.01.1983 Книги
Изтеглен Не е изгубен Universal Decimal Classification Не е повреден без рестрикции заемане за дома 334174 Регионална библиотека "Любен Каравелов" Русе Регионална библиотека "Любен Каравелов" Русе Заемна - подръчен фонд 1983-01-01 Заемна - подръчен фонд 5.02 382037 П 820(73)(81)/С 62 382037 2 2.57 N: стар фонд Дата: 01.01.1983 Дата инв: 16.02.2018 Бележки инв: П2018 Книги
Изтеглен Не е изгубен Universal Decimal Classification Не е повреден без рестрикции заемане за дома 334175 Регионална библиотека "Любен Каравелов" Русе Регионална библиотека "Любен Каравелов" Русе Заемна - подръчен фонд 1983-01-01 Заемна - подръчен фонд 5.02 382041 П 820(73)(81)/С 62 382041 3 2.57 N: стар фонд Дата: 01.01.1983 Книги
Изтеглен Не е изгубен Universal Decimal Classification Не е повреден без рестрикции заемане за дома 334176 Регионална библиотека "Любен Каравелов" Русе Регионална библиотека "Любен Каравелов" Русе Заемна - подръчен фонд 1983-01-01 Заемна - подръчен фонд 5.02 623539 П 820(73)(81)/С 62 623539 4 2.57 N: стар фонд Дата: 01.01.1983 Дата инв: 16.02.2018 Бележки инв: П2018 Книги
Vip Innovations Ltd, Rousse, Bulgaria 2025